Loading...
| Fine Arts - Classical Music | 0 | 6 | 1 | 0 | 55 | 51 | 93.50 | 0 | 3 | 12.03 | 34.44 |
| Fine Arts - Painting and Sculpture | 0 | 2 | 0 | 0 | 20 | 97 | 102.50 | 0 | 0 | 0.87 | 6.67 |
| Science - Physics | 0 | 2 | 0 | 0 | 20 | 70 | 76.00 | 0 | 0 | 5.25 | 7.78 |
| Science - Other | 0 | 2 | 0 | 0 | 20 | 45 | 70.00 | 1 | 1 | 6.72 | 11.11 |
| Science - Biology | 0 | 2 | 1 | 0 | 15 | 25 | 44.00 | 1 | 1 | 12.26 | 13.33 |
| Philosophy | 0 | 1 | 0 | 0 | 10 | 82 | 82.00 | 0 | 1 | 2.83 | 8.33 |
| Fine Arts - Other | 0 | 1 | 0 | 0 | 10 | 119 | 119.00 | 0 | 0 | 0.00 | 1.11 |
| Literature - World | 0 | 1 | 0 | 0 | 10 | 63 | 63.00 | 0 | 0 | 4.32 | 6.67 |
| Popular Culture | 0 | 1 | 0 | 0 | 10 | 34 | 34.00 | 0 | 0 | 14.38 | 11.11 |
| Science - Chemistry | 0 | 2 | 2 | 0 | 10 | 57 | 61.50 | 0 | 1 | 8.07 | 10.00 |
| Religion | 0 | 1 | 1 | 0 | 5 | 115 | 115.00 | 0 | 0 | 0.34 | 1.11 |
| Literature - British | 0 | 0 | 0 | 0 | 0 | 0.00 | 0 | 0 | 0.00 | 0.00 | |
| Mythology | 0 | 0 | 1 | 0 | -5 | 0.00 | 0 | 0 | 0.00 | 0.00 | |
| Social Science | 0 | 0 | 1 | 0 | -5 | 0.00 | 0 | 0 | 0.00 | 0.00 | |
| History - American | 0 | 0 | 2 | 0 | -10 | 0.00 | 0 | 0 | 0.00 | 0.00 |